Künstlernamen gesucht - Internationale Musiker - Statistiken

Allgemein
  • Dieses Quiz wurde 289 mal gespielt
  • Das Durchschnittsergebnis liegt bei 4 aus 30
Antwortstatistiken
bürgerlicher Name Künstlername Land % Korrekt
Stefani Joanne Angelina Germanotta Lady Gaga US
68%
Stacy Ann Ferguson Fergie US
45%
Katheryn Elizabeth Hudson Katy Perry US
32%
Cherilyn Sarkisian Cher US
29%
Paul David Hewson Bono IR
27%
Gordon Matthew Thomas Sumner Sting VK
26%
Park Jae-san Psy SK
25%
Alecia Beth Moore P!nk US
24%
David Robert Jones David Bowie VK
19%
Henry John Deutschendorf Jr. John Denver US
16%
Evángelos Odysséas Papathanassíou Vangelis GR
14%
Ella Marija Lani Yelich-O'Connor Lorde NZ
13%
Saul Hudson Slash US-VK
13%
Elizabeth Woolridge Grant Lana Del Rey US
10%
Dino Paul Crocetti Dean Martin US
9%
Adelmo Fornaciari Zucchero IT
9%
Steven Victor Tallarico Steven Tyler US
8%
William Michael Albert Broad Billy Idol VK
6%
(Marvin) Michael Lee Aday Meat Loaf US
6%
Charlotte Emma Aitchison Charli XCX VK
5%
Jonathan Ivo Gilles Vandenbroeck Milow BE
5%
Florian Cloud de Bounevialle O'Malley Armstrong Dido VK
4%
Wouter "Wally" De Backer Gotye BE-AU
4%
Richard Melville Hall Moby US
3%
Thomas John Woodward Tom Jones VK
3%
Michael Holbrook Penniman Jr. Mika LI-VK
2%
Robert James Ritchie Kid Rock US
1%
John Paul Larkin Scatman John US
1%
Orville Richard Burrell Shaggy JA
1%
Michael Barratt Shakin' Stevens VK
1%
Keine übereinstimmenden Quizze gefunden
Verteilung der Resultate
Anzahl Personen mit jedem Resultat
Perzentil nach korrekt beantworteten Fragen
Ihre Resultats-Entwicklung
Sie haben dieses Quiz noch nicht gespielt